000 00402nam a2200133Ia 4500
008 151213s9999 xx 000 0 und d
100 _aLinda Caskson & Bryem Lovyhrey
245 _a Critical Essays on Keats Poems & Letters
_cLinda Caskson & Bryem Lovyhrey
260 _aHarlow England
_bLongman
_c-
300 _a1858 p.
650 _aEnglish
700 _aLinda Caskson & Bryem Lovyhrey
999 _c1363
_d1363